<?xml version="1.0" encoding="UTF-8"?><?xml-stylesheet type="text/xsl" href="static/style.xsl"?><OAI-PMH xmlns="http://www.openarchives.org/OAI/2.0/" xmlns:xsi="http://www.w3.org/2001/XMLSchema-instance" xsi:schemaLocation="http://www.openarchives.org/OAI/2.0/ http://www.openarchives.org/OAI/2.0/OAI-PMH.xsd"><responseDate>2026-04-17T06:37:58Z</responseDate><request verb="GetRecord" identifier="oai:www.recercat.cat:10256/21187" metadataPrefix="marc">https://recercat.cat/oai/request</request><GetRecord><record><header><identifier>oai:recercat.cat:10256/21187</identifier><datestamp>2024-05-22T11:29:53Z</datestamp><setSpec>com_2072_452966</setSpec><setSpec>com_2072_2054</setSpec><setSpec>col_2072_452968</setSpec></header><metadata><record xmlns="http://www.loc.gov/MARC21/slim" xmlns:dcterms="http://purl.org/dc/terms/" xmlns:xsi="http://www.w3.org/2001/XMLSchema-instance" xmlns:doc="http://www.lyncode.com/xoai" xsi:schemaLocation="http://www.loc.gov/MARC21/slim http://www.loc.gov/standards/marcxml/schema/MARC21slim.xsd">
   <leader>00925njm 22002777a 4500</leader>
   <datafield ind2=" " ind1=" " tag="042">
      <subfield code="a">dc</subfield>
   </datafield>
   <datafield ind2=" " ind1=" " tag="720">
      <subfield code="a">Sendra Masó, Marc</subfield>
      <subfield code="e">author</subfield>
   </datafield>
   <datafield ind2=" " ind1=" " tag="260">
      <subfield code="c">2018-02</subfield>
   </datafield>
   <datafield ind2=" " ind1=" " tag="520">
      <subfield code="a">Aquest projecte prèten estudiar la cristal·lització de dos polímers mitjançant la tècnica del DSC (Differential Scanning Calorimetry), i utilitzant el programa dissenyat pel professor Jordi Farjas per fer les prediccions pertinents a partir dels experiments.&#xd;
La finalitat del projecte realitzat es pot enquadrar en els tres punts següents:&#xd;
-	Estudi dels paràmetres cinètics i predicció de la corba TTT de manera més precisa mitjançant un software creat per el professor Jordi Farjas.&#xd;
-	Realització de nous experiments per tal de validar les prediccions realitzades amb el software, i així demostrar que aquestes s’adequen al comportament que desarrolla la mostra .durant l’experiment.&#xd;
-	Realització del mateix estudi amb un nou polímer (poliamida), per tal de contrastar i constatar que el mètode és útil i apte també amb altres polímers, i així obtenir un estudi més sòlid i complert.&#xd;
Es durà a terme realitzant experiments de refredament i escalfament a diferents velocitats que ens permetran obtenir valors de calors de cristal·lització, pics de cristal·lització, calors de fusió, els quals seran emprats per a obtenir resultats en l’estudi de la cristal·lització</subfield>
   </datafield>
   <datafield ind1="8" ind2=" " tag="024">
      <subfield code="a">http://hdl.handle.net/10256/21187</subfield>
   </datafield>
   <datafield tag="653" ind2=" " ind1=" ">
      <subfield code="a">Pol·límers cristal·lins</subfield>
   </datafield>
   <datafield tag="653" ind2=" " ind1=" ">
      <subfield code="a">Termoplàstics</subfield>
   </datafield>
   <datafield tag="653" ind2=" " ind1=" ">
      <subfield code="a">Cristal·lització</subfield>
   </datafield>
   <datafield tag="653" ind2=" " ind1=" ">
      <subfield code="a">Crystalline polymers</subfield>
   </datafield>
   <datafield tag="653" ind2=" " ind1=" ">
      <subfield code="a">Thermoplastics</subfield>
   </datafield>
   <datafield tag="653" ind2=" " ind1=" ">
      <subfield code="a">Crystallization</subfield>
   </datafield>
   <datafield ind2="0" ind1="0" tag="245">
      <subfield code="a">Predicció del procés de cristal·lització dels polímers a partir d'experiments de calorimetria diferencial</subfield>
   </datafield>
</record></metadata></record></GetRecord></OAI-PMH>